1740s Decade Quiz - Statistics

General Stats
  • This quiz has been taken 11,712 times
  • The average score is 10 of 17
Answer Stats
Hint Answer % Correct
Future U.S. state which was explored by Vitus Bering Alaska
89%
Roman city buried by volcanic ash in 79 AD which was rediscovered in 1748 Pompeii
89%
Swedish astronomer who proposed a new temperature scale which today bears his name Anders Celsius
86%
Garment which was banned in the Scottish highlands in order to suppress the clans Kilt
84%
Sport whose rules were first compiled in Leith, Scotland Golf
74%
Country whose powerful leader, Nader Shah, was assassinated Iran
74%
University established in New Jersey (today a member of the Ivy League) Princeton
63%
"Great" ruler who started his 46 year reign as King of Prussia {Frederick} the Great
59%
Complete the lyrics from the 1740 poem and song: "Rule, Britannia! rule the _____" Waves
56%
Classical composer who wrote "The Messiah" George Frideric Handel
52%
Modern-day country where Wahhabism was given official protection by the monarch Saudi Arabia
51%
City in Nova Scotia founded by Great Britain Halifax
49%
Empress who started her 40 year reign as ruler of Austria Maria {Theresa}
47%
Pretender to the British throne who landed in Scotland in 1745 as part of the Jacobite Uprising Bonnie Prince {Charlie}
43%
Auction house founded in London in 1744 Sotheby's
42%
War which ravaged Central Europe from 1740–1748 after the death of Charles VI War of {Austrian} Succession
39%
War which was fought between Spain and Great Britain War of Jenkins' {Ear}
32%
No matching quizzes found
Score Distribution
Percent of People with Each Score
Percentile by Number Answered
Your Score History
You have not taken this quiz